Normal view
MARC view
- Gomez
Entry Personal Name
001 - CONTROL NUMBER
- control field: 6488
003 - CONTROL NUMBER IDENTIFIER
- control field: IT-RoPau
005 - DATE AND TIME OF LATEST TRANSACTION
- control field: 20131220113435.0
008 - FIXED-LENGTH DATA ELEMENTS
- fixed length control field: 131220|| aca||aabn | a|a d
040 ## - CATALOGING SOURCE
- Original cataloging agency: IT-RoPau
- Transcribing agency: IT-RoPau
100 ## - HEADING--PERSONAL NAME
- Personal name: Gomez
- Dates associated with a name: Codice autore musica SPICS: 13933
- Relator term: Autore musica
- Name of part/section of a work: Forbidden Games
670 ## - SOURCE DATA FOUND
- Source citation: Work cat.: (IT-RoPau)99985: AA.VV. 794, Great Film Themes From Many Lands (Lp Pfs 4021)